000
00242nam a2200097Ia 4500
100
_a
Scott Olson
250
_a
2012 Ed.
942
_c
BK
245
_a
Professional Cross- Platfoom Mobile Development in C#
260
_a
Wiley India Ltd. New Delhi
999
_c
422224
_d
422224